Doa paling utama
| Main Author: | |
|---|---|
| Format: | Book |
| Published: |
Kuala Lumpur :
Dinie Publishers ,
1993
|
| Subjects: |
MARC
| LEADER | 00000cam a2200000 7i4500 | ||
|---|---|---|---|
| 001 | 0000009226 | ||
| 002 | 000010046 | ||
| 005 | 20000330.0 | ||
| 020 | |a 9839601326 | ||
| 090 | 0 | 0 | |a 297.5 |b ALL |
| 100 | 0 | |a Allamah Ali bin Sultan Qadriy | |
| 245 | 1 | 0 | |a Doa paling utama |c Allamah Ali bin Sultan Qadriy |
| 260 | |a Kuala Lumpur : |b Dinie Publishers , |c 1993 | ||
| 300 | |a 177 p. ; |c 20 cm. | ||
| 650 | 0 | 0 | |a Islamic |x Study and teaching |
| 999 | |a 044046 |b BUKU |c PINJAMAN |e PERPUSTAKAAN KOMUNITI PETALING JAYA | ||
| 999 | |a 046464 |b BUKU |c PINJAMAN |e PERPUSTAKAAN KOMUNITI CAW KOTA DAMANSARA | ||